000 00962nam0a22002651 4500
001 v19\rc\1397093
005 20250618095623.0
035 _a(NLR Aleph) 004528231
090 _a1832458
_c1832458
100 _a20060512d1871 |||y0rusy50 ca
101 1 _arus
_aheb
_cger
102 _aRU
105 _ay z |||||
200 1 _aРуководство к изучению языка Мишны
_f[Соч.] А. Гейгера
_gПер. с нем. и доп. некоторыми прим. Ю. Бардах, законоучитель Ришел. гимназии
210 _aОдесса
_cтип. Ульриха и Шульце
_d1871
215 _a[8], 100, [2] с.
_d21
700 1 _aГейгер
_bА.
_f1810-1874
_gАвраам
702 1 _aБардах
_bЮ.
_4730
_4212
801 0 _aRU
_bNLR
_gpsbo
801 0 _aRU
_bRuMoRGB
_2psbo
801 1 _aRU
_bProSoft-M
_2rusmarc
852 _aNLR
_j18.116.5.252
899 _aRuMoRGB
_jE 86/163
942 _cBOOK
980 _aNB